Science Quiz

Random Science Quiz
Score 0/20 Timer 02:00
0 Plays Today
part Answer % Correct
Mmedulla
66.7%
Lcortex
33.3%
Apyramid in the medulla
0%
Brenal column
0%
Cmajor calyx
0%
Dminor calyx
0%
Erenal artery
0%
Frenal vein
0%
Ghilum
0%
Hrenal pelvis
0%
part Answer % Correct
Iureter
0%
Jsinus
0%
Kpapilla
0%
Nrenal capsule
0%
A1juxtamedullary nephron
0%
B1cortical nephron
0%
C1bowman's capsule
0%
D1collecting duct
0%
E1renal medulla
0%
F1renal cortex
0%
Remove Ads.
Support Sporcle.
Get the best of Sporcle when you Go Orange. This ad-free experience offers more features, more stats, and more fun while also helping to support Sporcle. Thank you for becoming a member.

You're not logged in!

Compare scores with friends on all Sporcle quizzes.
OR
Log In

Show Comments

Extras

Created Dec 23, 2014ReportNominate
Tags:Kidney

Top Quizzes Today


Score Distribution

Your Account Isn't Verified!

In order to create a playlist on Sporcle, you need to verify the email address you used during registration. Go to your Sporcle Settings to finish the process.

Report this User

Report this user for behavior that violates our Community Guidelines.

Details: